| 000 | 03111nam a2200349 a 4500 | ||
|---|---|---|---|
| 003 | OSt | ||
| 005 | 20250625134925.0 | ||
| 007 | cr ||||||a|a|a | ||
| 008 | 250619s2025 mx a|||fom||| 001 0 spa d | ||
| 040 | _erda | ||
| 100 | 1 |
_aTrujillo Gomez, Citlalli Viviana _9190489 |
|
| 245 | 1 | 0 |
_a Efecto de tratamiento de semillas con poligalacturonasa y fosfato de sodio dibásico sobre la emergencia de plántulas de jitomate (Solanum lycopersicum L.) / _cpor Citlalli Viviana Trujillo Gomez; director de tesis Juan Enrique Rodríguez Pérez; secretario Ana Elizabeth Paredes Cervantes; vocal Alma Aurora Deanda Tovar; suplente Lesly Belen Valencia Gaméz; suplente Erika Alejandra Cíntora Martínez. |
| 264 | 1 |
_aChapingo, México : _bEl autor, _c2024. |
|
| 300 |
_a1 recurso en línea (27 páginas): _bcuadros, figuras. |
||
| 336 |
_2rdacontent _atexto _btxt |
||
| 337 |
_2rdamedia _acomputadora _bc |
||
| 338 |
_2rdacarrier _arecurso en línea _bcr |
||
| 502 |
_d2024. _gLIC _bLAHP _cFitotecnia |
||
| 504 | _aIncluye referencias bibliográficas: páginas 21-23. | ||
| 520 | _aLa germinación puede verse afectada por la dureza de la testa. La poligalacturonasa es una enzima que degrada la pectina, la cual provoca el ablandamiento de tejidos; asimismo, el fosfato de sodio dibásico tiene efecto de ablandar la testa de la semilla. El objetivo del presente trabajo fue evaluar el efecto de la poligalacturonasa y el fosfato de sodio dibásico, en la germinación de semillas de cuatro líneas de jitomate (L47S8, L47B2, L52 y L69). Se aplicaron tres diferentes concentraciones de enzima (0.0 m. L-1, 0.06 m. L -1 y 0.12m. L -1) y dos tratamientos de fosfato de sodio dibásico (Na2 HPO4) (0.0 y 9.5 g- L-1). Dando 24 tratamientos, se utilizó un diseño experimental de bloques completos al azar, se evaluaron porcentaje de emergencia, número de semillas emergentes, altura de planta, área foliar, índice de velocidad de emergencia y número de semillas que no lograron romper la testa al final del experimento. La poligalacturonasa incrementó significativamente el porcentaje y el índice de velocidad de emergencia. La línea L47S8 tuvo la mejor respuesta al tratamiento con la enzima. El lavado con fosfato de sodio dibásico no tuvo efecto significativo en la germinación de semillas. La poligalacturonasa es útil para favorecer la germinación más rápida y uniforme de la semilla de jitomate. | ||
| 650 | 4 |
_aSemillas _xGerminación _9103903 |
|
| 650 | 4 |
_aEnzimas _xEfecto en semillas _9190718 |
|
| 650 | 4 |
_aSemillas _xFisiología y morfología _9103902 |
|
| 650 | 4 |
_aTomate _xGerminación _9113727 |
|
| 700 | 1 |
_aRodríguez Pérez, Juan Enrique _edirector de tesis. _998793 |
|
| 700 | 1 |
_aParedes Cervantes, Ana Elizabeth _9136076 _esecretario. |
|
| 700 | 1 |
_aDeanda Tovar, Alma Aurora _9135933 _evocal. |
|
| 700 | 1 |
_aValencia Gámez, Lesly Belén _9187528 _esuplente. |
|
| 700 | 1 |
_aCíntora Martínez, Erika Alejandra _esuplente. _9131595 |
|
| 856 |
_uhttp://10.13.5.2/tesis/tl/1612455-1_TRUJILLO_GOMEZ_CITLALLIVIVIANA%20.pdf _zDESCARGAR PDF |
||
| 942 |
_2Clasificación Universidad Autónoma Chapingo _cTD |
||
| 999 |
_c220646 _d220646 |
||